Encyclopedie de la Suisse actuella
Đã lưu trong:
| Định dạng: | Sách |
|---|---|
| Ngôn ngữ: | Undetermined |
| Được phát hành: |
Editons Mondo
|
| Các nhãn: |
Thêm thẻ
Không có thẻ, Là người đầu tiên thẻ bản ghi này!
|
| Thư viện lưu trữ: | Trung tâm Học liệu Trường Đại học Cần Thơ |
|---|
| LEADER | 00331nam a2200121Ia 4500 | ||
|---|---|---|---|
| 001 | CTU_104874 | ||
| 008 | 210402s9999 xx 000 0 und d | ||
| 082 | |a 949.4 | ||
| 082 | |b E56 | ||
| 245 | 0 | |a Encyclopedie de la Suisse actuella | |
| 260 | |b Editons Mondo | ||
| 904 | |i M.Loan | ||
| 980 | |a Trung tâm Học liệu Trường Đại học Cần Thơ | ||